KOHA-Header-6

Testing Times as Foreign Minister (Record no. 13465)

000 -LEADER
fixed length control field 00293nam a22001217a 4500
020 ## - INTERNATIONAL STANDARD BOOK NUMBER
ISBN 9789694963297
082 ## - DEWEY DECIMAL CLASSIFICATION NUMBER
Classification number 954.9105
100 ## - MAIN ENTRY--AUTHOR NAME
Personal name Gohar Ayub Khan
245 ## - TITLE STATEMENT
Title Testing Times as Foreign Minister
260 ## - PUBLICATION, DISTRIBUTION, ETC. (IMPRINT)
Place of publication Islamabad
Name of publisher Dost Publications
Year of publication 2009
300 ## - PHYSICAL DESCRIPTION
Number of Pages xvi, 352 pages
942 ## - ADDED ENTRY ELEMENTS (KOHA)
Koha item type Books
Holdings
Withdrawn status Lost status Collection code Permanent Location Current Location Shelving location Date acquired Full call number Accession Number Koha item type
    English Literature MAJU MAJU Shelf No.A15 2022-11-24 954.9105 10540 Books

Powered by Koha